Construction plant and methods for flood control on the lower mississippi river and similar stream/ (Record no. 547857)
[ view plain ]
| 000 -LEADER | |
|---|---|
| fixed length control field | 00487nam a22001337a 4500 |
| 082 ## - DEWEY DECIMAL CLASSIFICATION NUMBER | |
| Classification number | 627.4 |
| Author Mark | COM |
| -- | L-18, P-13 |
| 100 ## - MAIN ENTRY--PERSONAL NAME | |
| Personal name | C. C. D on Flood Control |
| 9 (RLIN) | 44004 |
| 245 ## - TITLE STATEMENT | |
| Title | Construction plant and methods for flood control on the lower mississippi river and similar stream/ |
| 260 ## - PUBLICATION, DISTRIBUTION, ETC. | |
| Place of publication, distribution, etc. | New York: |
| Name of publisher, distributor, etc. | Headquarter of the society 33 west 39th street New York, |
| Date of publication, distribution, etc. | c1936 |
| 300 ## - PHYSICAL DESCRIPTION | |
| Extent | 65 p,; |
| Other physical details | ill,: |
| Dimensions | 18cm |
| 526 ## - STUDY PROGRAM INFORMATION NOTE | |
| Program name | 0 |
| Interest level | 0 |
| Reading level | 0 |
| Title point value | 627_400000000000000_COM |
| 650 ## - SUBJECT ADDED ENTRY--TOPICAL TERM | |
| Topical term or geographic name entry element | MCE |
| 9 (RLIN) | 379 |
| 942 ## - ADDED ENTRY ELEMENTS (KOHA) | |
| Source of classification or shelving scheme | |
| Koha item type | Book |
| Withdrawn status | Lost status | Source of classification or shelving scheme | Damaged status | Not for loan | Permanent Location | Current Location | Date acquired | Total Checkouts | Full call number | Barcode | Date last seen | Price effective from | Koha item type |
|---|---|---|---|---|---|---|---|---|---|---|---|---|---|
| Military College of Engineering (MCE) | Military College of Engineering (MCE) | 08/08/2014 | 627.4 COM | MCE-30507 | 08/08/2014 | 08/08/2014 | Book |
